00706cam a22002171a 4500001001300000003000400013005001700017008004100034010001700075035001900092040002700111042001200138050002800150100002200178245013700200260004800337300002900385650003200414740002500446999001700471sa 65007233 DLC20260227112148.0750822s1964 ii d 000 0 eng  asa 65007233  a(OCoLC)1563502 aDLCcFU-LdMoSU-LdDLC apremarc00aLAW 1 aPrem, Daulat Ram.10aPrem's Judicial dictionary :b(words and phrases judicially defined in India, England, U.S.A., and Australia) /cby Dualat Ram Prem. aNew Delhi, India :bArora Law Housec[1964] a4 v. (1712 p.) ;c25 cm. 0aLawxDictionariesxEnglish.0 aJudicial dictionary. c65132d65132